General engineering workshop practice : (Record no. 183255)
[ view plain ]
| 000 -LEADER | |
|---|---|
| fixed length control field | 01016 a2200157 4500 |
| 003 - CONTROL NUMBER IDENTIFIER | |
| control field | Nust |
| 005 - DATE AND TIME OF LATEST TRANSACTION | |
| control field | 20221018134842.0 |
| 040 ## - CATALOGING SOURCE | |
| Transcribing agency | Nust |
| 082 ## - DEWEY DECIMAL CLASSIFICATION NUMBER | |
| Classification number | 620,GEN |
| 245 ## - TITLE STATEMENT | |
| Title | General engineering workshop practice : |
| Remainder of title | A guide to principles and practice of workshop procedure / |
| Statement of responsibility, etc. | Odhams Books |
| 260 ## - PUBLICATION, DISTRIBUTION, ETC. | |
| Place of publication, distribution, etc. | London, |
| Name of publisher, distributor, etc. | Odhams Books |
| Date of publication, distribution, etc. | [1963] |
| 300 ## - PHYSICAL DESCRIPTION | |
| Extent | 575 p. illus., diagrs., |
| Other physical details | tables. 22 cm. |
| 505 ## - FORMATTED CONTENTS NOTE | |
| Formatted contents note | Bench Work (Page-5), Metals in Engineering Production (Page-61), The Lathe (Page-94), Screw-Cutting (Page-165), Taper Turning (Page-187), Milling and Grinding (Page-211), Special Machine Tools (Page-260), Gears and Gear Cutting (Page-290), Jigs and Fixtures (Page-314), Pressing, Stamping and Punching (Page-334), Heat-Treatment of Metals (Page-360), Welding, Soldering and Brazing (Page-376), Forging and Forge Work (Page-402), Foundry Work (Pag416e-), Measuring and Testing (Page-457), Reading a Machine Drawing (Page-521). |
| 650 ## - SUBJECT ADDED ENTRY--TOPICAL TERM | |
| Topical term or geographic name entry element | General engineering workshop practice |
| 9 (RLIN) | 100625 |
| 942 ## - ADDED ENTRY ELEMENTS (KOHA) | |
| Source of classification or shelving scheme | |
| Koha item type | Book |
| Withdrawn status | Lost status | Source of classification or shelving scheme | Damaged status | Not for loan | Permanent Location | Current Location | Shelving location | Date acquired | Full call number | Barcode | Date last seen | Price effective from | Koha item type | Public note |
|---|---|---|---|---|---|---|---|---|---|---|---|---|---|---|
| Military College of Signals (MCS) | Military College of Signals (MCS) | General Stacks | 12/12/2016 | 620,GEN | MCS29113 | 12/08/2016 | 12/12/2016 | Book | Almirah No.26, Shelf No.5 |
